000 00769nam a22002657a 4500
003 UA-OsUOA
001 85589
007 ta
008 20120704b un ||||| |||| 00| 0 ukr d
100 _aРоменець В.А.
090 _a159.95(075.8)
_bР70
942 _cBK
040 _aUA-OsUOA
_bukr
_cUA-OsUOA
_dUA-OsUOA
245 _aПсихологія творчості
_bНавчальний посібник для вищих навчальних закладів
300 _a288 с.
955 _a2
041 _aukr
080 _a159.95(075.8)
020 _a966-06-0191-3
260 _aК.
_bЛибідь
_c2004
044 _aUA
250 _nДруге видання, доповн.
650 7 _a159.9 Психологія
_2UDC
999 _c371913
_d371913